Geography Quiz

Random Geography or Color Quiz

Flag colours II Quiz Stats

Quiz not verified by Sporcle

Challenge
Share
Tweet
Embed
Score 0/20 Timer 04:00
1 Play Today
Country Colour % Correct
FinlandBlue White
69.2%
TunisiaRed White
69.2%
Estoniawhite blue black
69.2%
ColombiaRed yellow Blue
69.2%
IndonesiaRed White
67.3%
KazakhstanBlue yellow
67.3%
CubaRed White Blue
67.3%
Albaniared black
67.3%
PanamaRed White Blue
65.4%
ChadRed yellow Blue
63.5%
Country Colour % Correct
CambodiaRed White Blue
61.5%
Trinidad and TobagoRed White Black
61.5%
BahamasBlack Blue Yellow
59.6%
Boliviagreen yellow red
59.6%
MongoliaRed yellow Blue
59.6%
Burundigreen white red
57.7%
BotswanaBlue White Black
55.8%
Gabongreen yellow Blue
48.1%
Oman Red White Green
48.1%
Tokelauwhite yellow Blue
40.4%

You're not logged in!

Compare scores with friends on all Sporcle quizzes.
Join for Free
OR
Log In

You Might Also Like...

Show Comments

Extras

Created Dec 28, 2012ReportNominate
Tags:Color Quiz, Country Quiz

Top Quizzes Today


Score Distribution

Your Account Isn't Verified!

In order to create a playlist on Sporcle, you need to verify the email address you used during registration. Go to your Sporcle Settings to finish the process.

Report this User

Report this user for behavior that violates our Community Guidelines.

Details: